000 00295nam a22001337a 4500
008 170220b xxu||||| |||| 00| 0 eng d
020 _a2900071494365
041 _aeng
080 _22ND
_a615
100 _a5
101 _aSHF
245 _aPHARMACY MANAGEMENT
_cDESSELLE, SH.P
942 _2udc
_cBK
999 _c5821
_d5821